Los sucesos del Alto Huallaga : marzo, abril-mayo, 1994 : Challhuayacu, Chavín de Pariarca, Cayumba Chico, Moyuna y Moena ... /

"Details and testimonials of human rights abuses committed by the army on the local population in the Upper Huallaga Valley between March-May 1994. Documents the failure of government authorities at different levels to resolve abuses justly"--Handbook of Latin American Studies, v. 57.

Saved in:
Bibliographic Details
Corporate Author: Coordinadora Nacional de Derechos Humanos (Peru)
Format: Book
Language:Spanish
Published: Lima : Coordinadora Nacional de Derechos Humanos, [1994]
Subjects:
Tags: Add Tag
No Tags, Be the first to tag this record!
LEADER 01368aam a2200253 a 4500
001 005235384-2
005 20020606095253.2
008 950222s1994 pe b 000 0 spa
010 |a  95119201  
035 0 |a ocm32046066 
040 |a DLC  |c DLC 
043 |a s-pe--- 
050 0 0 |a JC599.P42  |b H837 1994 
245 0 4 |a Los sucesos del Alto Huallaga :  |b marzo, abril-mayo, 1994 : Challhuayacu, Chavín de Pariarca, Cayumba Chico, Moyuna y Moena ... /  |c Coordinadora Nacional de Derechos Humanos. 
246 3 0 |a Challhuayacu, Chavín de Pariarca, Cayumba Chico, Moyuna y Moena ... 
260 |a Lima :  |b Coordinadora Nacional de Derechos Humanos,  |c [1994] 
300 |a 240 p. :  |b map ;  |c 29 cm. 
520 1 |a "Details and testimonials of human rights abuses committed by the army on the local population in the Upper Huallaga Valley between March-May 1994. Documents the failure of government authorities at different levels to resolve abuses justly"--Handbook of Latin American Studies, v. 57.  |u http://www.loc.gov/hlas 
650 0 |a Human rights  |z Peru  |z Huallaga River Valley. 
650 0 |a Civil-military relations  |z Peru  |z Huallaga River Valley. 
710 2 |a Coordinadora Nacional de Derechos Humanos (Peru) 
776 0 8 |i Online version:  |t Sucesos del Alto Huallaga.  |d Lima : Coordinadora Nacional de Derechos Humanos, [1994]  |w (OCoLC)655793524 
988 |a 20020608 
906 |0 DLC